F1 - Pole sitter of 2022 - Statistiques

Statistiques générales
  • Ce quiz a été pris 493 fois
  • Le résultat moyen est 20 sur 22
Statistiques - réponses
Grand Prix Pole sitter's name % Correct
Emilia Romagna Grand Prix Max Verstappen
99%
Canadian Grand Prix Max Verstappen
99%
Austrian Grand Prix Max Verstappen
99%
Dutch Grand Prix Max Verstappen
99%
Japanese Grand Prix Max Verstappen
99%
Mexico City Grand Prix Max Verstappen
99%
Abu Dhabi Grand Prix Max Verstappen
99%
Bahrain Grand Prix Charles Leclerc
96%
Australian Grand Prix Charles Leclerc
96%
Miami Grand Prix Charles Leclerc
96%
Spanish Grand Prix Charles Leclerc
96%
Monaco Grand Prix Charles Leclerc
96%
Azerbaijan Grand Prix Charles Leclerc
96%
French Grand Prix Charles Leclerc
96%
Italian Grand Prix Charles Leclerc
96%
Singapore Grand Prix Charles Leclerc
96%
Saudi Arabian Grand Prix Sergio Perez
88%
British Grand Prix Carlos Sainz
84%
Belgian Grand Prix Carlos Sainz
84%
United States Grand Prix Carlos Sainz
84%
Hungarian Grand Prix Georges Russell
72%
São Paulo Grand Prix Kevin Magnussen
45%
Aucun quiz correspondant
Distribution des résultats
% des personnes avec chaque résultat
Percentile par nombre de réponses
Votre historique - résultats
Vous n’avez pas pris ce quiz